|
|
|
|
| LEADER |
00769nam a2200169Ia 4500 |
| 008 |
121027s9999 xx 000 0 eng d |
| 020 |
|
|
|a 8178240947
|
| 082 |
|
|
|a 954 CHA/H
|
| 100 |
|
|
|a Chatterjee, Partha,Ed.
|
| 245 |
|
|
|a History and the present /
|
| 260 |
|
|
|a Delhi:
|b Permanent black,
|c 2006.
|
| 300 |
|
|
|a 273p
|
| 505 |
|
|
|a 1) Introduction : History and the Present 2) On Retelling the Muslim Conquest of North India 3) Mythicising the white Man : Colonialism and Fantasy in a Folk Tradition 4) The Endangered Yakshi : Careers of an Ancient Art Object in Modern India 5) Geneal
|
| 700 |
|
|
|a Anjan Ghosh,Ed.
|
| 942 |
|
|
|c BK
|
| 999 |
|
|
|c 56685
|d 56685
|
| 952 |
|
|
|0 0
|1 0
|4 0
|6 954_000000000000000_CHA_H
|7 0
|9 56663
|a UL
|b UL
|c ST1
|d 2012-10-27
|l 5
|o 954 CHA/H
|p 81936
|r 2017-02-22
|s 2017-02-21
|y BK
|